[Event "Steyr Landesliga 1314"]
[Site "Austria"]
[Date "2014.04.12"]
[Round "11.3"]
[White "Poeltl, Thomas"]
[Black "Preck, Helmut"]
[Result "1/2-1/2"]
[WhiteElo "2186"]
[BlackElo "2019"]
[PlyCount "28"]
[EventDate "2013.09.28"]
[EventType "team-tourn"]
[EventRounds "11"]
[EventCountry "AUT"]
[SourceTitle "EXT 2015"]
[Source "ChessBase"]
[SourceDate "2014.11.20"]
[SourceVersion "1"]
[SourceVersionDate "2014.11.20"]
[SourceQuality "1"]
[WhiteTeam "Gleisdorf"]
[BlackTeam "Graz Austria"]
[WhiteTeamCountry "AUT"]
[BlackTeamCountry "AUT"]

1. d4 e6 2. Nf3 d5 3. c4 c6 4. Qc2 f5 5. Bf4 Ne7 6. e3 Ng6 7. Bg3 Be7 8. Nc3 Nd7 9. Bd3 Nf6 10. cxd5 Nxd5 11. Nxd5 cxd5 12. 0-0 0-0 13. Qb3 Bd6 14. Rac1 f4 1/2-1/2

[Event "Steyr Landesliga 1314"]
[Site "Austria"]
[Date "2013.11.09"]
[Round "3.3"]
[White "Poeltl, Thomas"]
[Black "Almer, Gerald"]
[Result "0-1"]
[WhiteElo "2186"]
[BlackElo "2110"]
[PlyCount "78"]
[EventDate "2013.09.28"]
[EventType "team-tourn"]
[EventRounds "11"]
[EventCountry "AUT"]
[SourceTitle "EXT 2015"]
[Source "ChessBase"]
[SourceDate "2014.11.20"]
[SourceVersion "1"]
[SourceVersionDate "2014.11.20"]
[SourceQuality "1"]
[WhiteTeam "Gleisdorf"]
[BlackTeam "Feldbach Kirchberg"]
[WhiteTeamCountry "AUT"]
[BlackTeamCountry "AUT"]

1. d4 Nf6 2. c4 g6 3. Nc3 d5 4. cxd5 Nxd5 5. e4 Nxc3 6. bxc3 Bg7 7. Be2 0-0 8. Rb1 c5 9. Nf3 b6 10. 0-0 Bb7 11. d5 Bxc3 12. Bh6 Bg7 13. Qd2 Qd6 14. h4 Nd7 15. h5 Bxh6 16. Qxh6 gxh5 17. Qxh5 Qg6 18. Qh3 Nf6 19. Nh4 Qxe4 20. Nf5 Qxe2 21. Qg3+ Ng4 22. Rbe1 Qb2 23. Qxg4+ Kh8 24. Re3 Bc8 25. Qe4 Bxf5 26. Qxf5 Qf6 27. Qh5 e6 28. Rh3 Qf5 29. Qd1 exd5 30. Rh5 Qf6 31. Qxd5 Rad8 32. Qe4 Qg6 33. Qf3 Rd3 34. Qe2 c4 35. Re1 c3 36. Qe7 Rg8 37. Qe5+ f6 38. Qh2 c2 39. Rh4 Rd1 0-1

[Event "Steyr Landesliga 1112"]
[Site "Austria"]
[Date "2012.02.18"]
[Round "9.5"]
[White "Poeltl, Thomas"]
[Black "Stolterfoht, Daniel"]
[Result "1/2-1/2"]
[WhiteElo "2181"]
[BlackElo "2115"]
[PlyCount "37"]
[EventDate "2011.09.24"]
[EventType "team-tourn"]
[EventRounds "11"]
[EventCountry "AUT"]
[SourceTitle "EXT 2013"]
[Source "ChessBase"]
[SourceDate "2012.11.22"]
[SourceVersion "1"]
[SourceVersionDate "2012.11.22"]
[SourceQuality "1"]
[WhiteTeam "Gleisdorf"]
[BlackTeam "Graz Styria"]
[WhiteTeamCountry "AUT"]
[BlackTeamCountry "AUT"]

1. d4 d5 2. g3 e6 3. Bg2 Be7 4. Nf3 Nf6 5. 0-0 0-0 6. c4 b6 7. cxd5 Nxd5 8. e4 Nf6 9. Nc3 Bb7 10. Re1 Nbd7 11. Bf4 Bb4 12. Qc2 c5 13. Bd6 Re8 14. e5 Nd5 15. Nxd5 Bxd5 16. Red1 Rc8 17. Qe2 Ba5 18. h4 h6 19. Qb5 1/2-1/2

[Event "Steyr Landesliga 1112"]
[Site "Austria"]
[Date "2011.09.24"]
[Round "1.4"]
[White "Poeltl, Thomas"]
[Black "Schieder, Andreas"]
[Result "1/2-1/2"]
[WhiteElo "2181"]
[BlackElo "2160"]
[PlyCount "54"]
[EventDate "2011.09.24"]
[EventType "team-tourn"]
[EventRounds "11"]
[EventCountry "AUT"]
[SourceTitle "EXT 2013"]
[Source "ChessBase"]
[SourceDate "2012.11.22"]
[SourceVersion "1"]
[SourceVersionDate "2012.11.22"]
[SourceQuality "1"]
[WhiteTeam "Gleisdorf"]
[BlackTeam "Pinggau Friedberg"]
[WhiteTeamCountry "AUT"]
[BlackTeamCountry "AUT"]

1. d4 d5 2. c4 e6 3. Nf3 c6 4. g3 Bd6 5. Bg2 f5 6. 0-0 Ne7 7. b3 0-0 8. Ba3 Ng6 9. Bxd6 Qxd6 10. Nc3 Nd7 11. Qc2 b6 12. Rfd1 Ba6 13. Na4 Rac8 14. Rac1 b5 15. Nb2 Nf6 16. Qd2 bxc4 17. Qa5 c3 18. Qxa6 cxb2 19. Rc2 e5 20. dxe5 Nxe5 21. Rxb2 Ne4 22. Rc2 Ng4 23. e3 Qh6 24. h3 Ngxf2 25. Rxf2 Qxe3 26. Qe2 Qb6 27. Nd4 Nxf2 1/2-1/2

[Event "AUT-chT2M 0506"]
[Site "Austria"]
[Date "2006.02.04"]
[Round "6.4"]
[White "Zechner, Gernot"]
[Black "Poeltl, Thomas"]
[Result "1/2-1/2"]
[WhiteElo "2169"]
[BlackElo "2159"]
[PlyCount "62"]
[EventDate "2005.10.08"]
[EventType "team-tourn"]
[EventRounds "11"]
[EventCountry "AUT"]
[SourceTitle "EXT 2006"]
[Source "ChessBase"]
[SourceDate "2005.11.24"]
[SourceVersion "1"]
[SourceVersionDate "2005.11.24"]
[SourceQuality "1"]
[WhiteTeam "Wolfsberg"]
[BlackTeam "Gleisdorf"]
[WhiteTeamCountry "AUT"]
[BlackTeamCountry "AUT"]

1. d4 Nf6 2. c4 e5 3. dxe5 Ng4 4. Bf4 g5 5. Bg3 Bg7 6. Nf3 Nc6 7. Nc3 Ngxe5 8. Nxe5 Nxe5 9. e3 d6 10. Be2 Be6 11. Rc1 0-0 12. b3 g4 13. 0-0 f5 14. Nd5 b6 15. Qc2 a5 16. Rfd1 Ng6 17. Nxc7 Qxc7 18. Bxd6 Qf7 19. Bxf8 Bxf8 20. Qb2 f4 21. exf4 Nxf4 22. Bf1 Bc5 23. a3 Qf8 24. Ra1 Ra7 25. Rd2 Rd7 26. Rxd7 Bxd7 27. Ra2 Bc6 28. Qe5 Nh3+ 29. gxh3 Qf3 30. Qe6+ Kf8 31. Qh6+ Kg8 1/2-1/2

[Event "AUT-chT2M 0506"]
[Site "Austria"]
[Date "2006.02.03"]
[Round "5.3"]
[White "Smole, Albert"]
[Black "Poeltl, Thomas"]
[Result "1-0"]
[WhiteElo "2092"]
[BlackElo "2159"]
[PlyCount "85"]
[EventDate "2005.10.08"]
[EventType "team-tourn"]
[EventRounds "11"]
[EventCountry "AUT"]
[SourceTitle "EXT 2006"]
[Source "ChessBase"]
[SourceDate "2005.11.24"]
[SourceVersion "1"]
[SourceVersionDate "2005.11.24"]
[SourceQuality "1"]
[WhiteTeam "St Veit/Glan"]
[BlackTeam "Gleisdorf"]
[WhiteTeamCountry "AUT"]
[BlackTeamCountry "AUT"]

1. Nf3 Nf6 2. g3 b6 3. Bg2 Bb7 4. 0-0 e6 5. c4 c5 6. Nc3 Be7 7. b3 0-0 8. Bb2 d6 9. e3 Nbd7 10. d4 cxd4 11. exd4 a6 12. Re1 Re8 13. Qd3 Qc7 14. Rac1 Rac8 15. Bh3 Bf8 16. Ng5 h6 17. Nge4 Nxe4 18. Nxe4 Qc6 19. d5 Qc7 20. dxe6 fxe6 21. Nd2 Nc5 22. Qg6 Qf7 23. Qc2 a5 24. a3 a4 25. b4 Nb3 26. Nxb3 Qf3 27. Kf1 Qh1+ 28. Ke2 Qf3+ 29. Kd2 axb3 30. Qd3 Qxf2+ 31. Re2 Qf7 32. Qxb3 d5 33. Qe3 Rc6 34. cxd5 Rd6 35. Ke1 Bxd5 36. Be5 Rdd8 37. Qxb6 Qh5 38. Bf1 Bf3 39. Re3 Qxh2 40. Rd3 Bg4 41. Rxd8 Qh5 42. Bd6 Qd5 43. Rxe8 1-0

[Event "AUT-chT2M 0506"]
[Site "Austria"]
[Date "2005.11.05"]
[Round "3.4"]
[White "Kranzl, Peter"]
[Black "Poeltl, Thomas"]
[Result "1/2-1/2"]
[WhiteElo "2218"]
[BlackElo "2159"]
[PlyCount "44"]
[EventDate "2005.10.08"]
[EventType "team-tourn"]
[EventRounds "11"]
[EventCountry "AUT"]
[SourceTitle "EXT 2006"]
[Source "ChessBase"]
[SourceDate "2005.11.24"]
[SourceVersion "1"]
[SourceVersionDate "2005.11.24"]
[SourceQuality "1"]
[WhiteTeam "St Valentin"]
[BlackTeam "Gleisdorf"]
[WhiteTeamCountry "AUT"]
[BlackTeamCountry "AUT"]

1. e4 c5 2. c3 d6 3. d4 e5 4. dxe5 dxe5 5. Qxd8+ Kxd8 6. Bc4 f6 7. f4 Nc6 8. Nf3 Bd6 9. g3 Nge7 10. 0-0 Na5 11. Na3 Nec6 12. Be3 exf4 13. gxf4 Nxc4 14. Nxc4 Be7 15. f5 b6 16. Rad1+ Ke8 17. Nd6+ Bxd6 18. Rxd6 Bb7 19. Bf4 Rd8 20. Rxd8+ Kxd8 21. Kf2 Ke7 22. Rg1 Kf7 1/2-1/2

[Event "AUT-ch"]
[Site "Hartberg"]
[Date "2004.07.29"]
[Round "6"]
[White "Brandner, Stefan"]
[Black "Poeltl, Thomas"]
[Result "1-0"]
[WhiteElo "2328"]
[BlackElo "2217"]
[PlyCount "67"]
[EventDate "2004.07.24"]
[EventType "swiss"]
[EventRounds "9"]
[EventCountry "AUT"]
[SourceTitle "CBM 101 Extra"]
[Source "ChessBase"]
[SourceDate "2004.09.01"]
[SourceVersion "2"]
[SourceVersionDate "2004.09.01"]
[SourceQuality "1"]

1. e4 c5 2. Nf3 e6 3. d3 d5 4. Nbd2 Nc6 5. g3 g6 6. Bg2 Bg7 7. 0-0 Nge7 8. Re1 0-0 9. h4 h5 10. e5 Qc7 11. Qe2 b5 12. Nf1 a5 13. N1h2 Nf5 14. c3 Nh6 15. Bf4 Ne7 16. Ng5 Bb7 17. g4 hxg4 18. Nxg4 Nef5 19. Nxh6+ Bxh6 20. Qg4 Kg7 21. h5 Qd7 22. Re3 Nxe3 23. fxe3 Rae8 24. Rf1 Rh8 25. Nxf7 Qxf7 26. Bxh6+ Rxh6 27. Rxf7+ Kxf7 28. Qf4+ Kg7 29. Qf6+ Kg8 30. hxg6 Rf8 31. Qxe6+ Kh8 32. Qe7 Kg8 33. Qxb7 Rxg6 34. Qxd5+ 1-0

[Event "AUT-ch"]
[Site "Hartberg"]
[Date "2004.07.24"]
[Round "1"]
[White "Moser, Eva"]
[Black "Poeltl, Thomas"]
[Result "1-0"]
[WhiteElo "2406"]
[BlackElo "2217"]
[PlyCount "63"]
[EventDate "2004.07.24"]
[EventType "swiss"]
[EventRounds "9"]
[EventCountry "AUT"]
[SourceTitle "CBM 101 Extra"]
[Source "ChessBase"]
[SourceDate "2004.09.01"]
[SourceVersion "2"]
[SourceVersionDate "2004.09.01"]
[SourceQuality "1"]

1. e4 c5 2. d3 g6 3. g3 b6 4. Bg2 Bb7 5. Nc3 Bg7 6. f4 Nc6 7. Nf3 d6 8. 0-0 e6 9. f5 Qd7 10. fxe6 fxe6 11. Bh3 Nf6 12. Ng5 Nd8 13. Ne2 0-0 14. Nf4 Re8 15. c3 c4 16. d4 Nxe4 17. Ngxe6 Nxe6 18. Nxe6 d5 19. Nxg7 Qxg7 20. Bf4 Bc8 21. Be5 Qh6 22. Bxc8 Raxc8 23. Rf4 g5 24. Qg4 Qg6 25. Rff1 Qe6 26. Rf5 Qe7 27. Re1 Rf8 28. Rxe4 Rxf5 29. Qxf5 Rf8 30. Bd6 dxe4 31. Qd5+ Qf7 32. Qxg5+ 1-0

[Event "EU-Cup 19th"]
[Site "Rethymno"]
[Date "2003.09.29"]
[Round "2.6"]
[White "Poeltl, Thomas"]
[Black "Akman, Ozgur"]
[Result "1/2-1/2"]
[WhiteElo "2182"]
[BlackElo "2013"]
[PlyCount "75"]
[EventDate "2003.09.28"]
[EventType "team-swiss"]
[EventRounds "7"]
[EventCountry "GRE"]
[SourceTitle "CBM 098"]
[Source "ChessBase"]
[SourceDate "2004.02.03"]
[SourceVersion "1"]
[SourceVersionDate "2004.02.03"]
[SourceQuality "1"]
[WhiteTeam "Gleisdorf"]
[BlackTeam "Ankara Kolejiler"]
[WhiteTeamCountry "AUT"]
[BlackTeamCountry "TUR"]

1. d4 Nf6 2. c4 e6 3. g3 Bb4+ 4. Bd2 Qe7 5. Bg2 Bxd2+ 6. Qxd2 d6 7. Nc3 0-0 8. Nf3 e5 9. 0-0 Re8 10. dxe5 dxe5 11. Nd5 Qd8 12. Qc3 c6 13. Ne3 Nbd7 14. Rfd1 Qb6 15. b4 Ne4 16. Qc2 Ndf6 17. a3 Nxf2 18. c5 Nxd1 19. cxb6 Nxe3 20. Qc5 Nxg2 21. Kxg2 axb6 22. Qxb6 Nd5 23. Qc5 Bg4 24. e4 Bxf3+ 25. Kxf3 Nf6 26. a4 Rad8 27. Ra3 Rd4 28. Re3 h6 29. Qb6 Rd7 30. a5 Ra8 31. Qc5 Re8 32. a6 bxa6 33. Qxc6 Re6 34. Qa8+ Kh7 35. Qb8 Re8 36. Qb6 Re6 37. Qa5 Rd4 38. Qc7 1/2-1/2

[Event "Zalakaros op 22nd"]
[Site "Zalakaros"]
[Date "2003.05.24"]
[Round "9"]
[White "Portisch, Ferenc"]
[Black "Poeltl, Thomas"]
[Result "1-0"]
[WhiteElo "2318"]
[BlackElo "2182"]
[PlyCount "81"]
[EventDate "2003.05.16"]
[EventType "swiss"]
[EventRounds "9"]
[EventCountry "HUN"]
[SourceTitle "EXT 2005"]
[Source "ChessBase"]
[SourceDate "2004.11.15"]
[SourceVersion "1"]
[SourceVersionDate "2004.11.15"]
[SourceQuality "1"]

1. d4 Nf6 2. c4 e5 3. dxe5 Ng4 4. Nf3 Bc5 5. e3 Nc6 6. Be2 Ncxe5 7. 0-0 Nxf3+ 8. Bxf3 Ne5 9. Be2 0-0 10. Nc3 a5 11. Ne4 Ba7 12. f4 Nc6 13. Bf3 d6 14. Re1 Be6 15. b3 d5 16. cxd5 Bxd5 17. Qxd5 Qxd5 18. Nf6+ gxf6 19. Bxd5 Rad8 20. Bxc6 bxc6 21. Rb1 Rfe8 22. Rb2 a4 23. bxa4 Re4 24. a5 Rd5 25. a6 Ra5 26. g3 Rxa6 27. Rc2 c5 28. Kf2 h5 29. Kf3 Rea4 30. Ree2 Kf8 31. g4 hxg4+ 32. Kxg4 c4 33. h4 R6a5 34. h5 Kg7 35. Bb2 Rd5 36. e4 Rd1 37. Rg2 Rg1 38. Kf5+ Kh6 39. Bxf6 Rxg2 40. Rxg2 Ra5+ 41. e5 1-0

[Event "Zalakaros op 22nd"]
[Site "Zalakaros"]
[Date "2003.05.21"]
[Round "6"]
[White "Poeltl, Thomas"]
[Black "Pergel, Laszlo"]
[Result "0-1"]
[WhiteElo "2182"]
[BlackElo "2342"]
[PlyCount "32"]
[EventDate "2003.05.16"]
[EventType "swiss"]
[EventRounds "9"]
[EventCountry "HUN"]
[SourceTitle "EXT 2005"]
[Source "ChessBase"]
[SourceDate "2004.11.15"]
[SourceVersion "1"]
[SourceVersionDate "2004.11.15"]
[SourceQuality "1"]

1. d4 Nf6 2. c4 e6 3. g3 Bb4+ 4. Bd2 Qe7 5. Bg2 0-0 6. Nc3 d6 7. Nf3 c6 8. 0-0 e5 9. Ne4 Nxe4 10. Bxb4 exd4 11. Qxd4 c5 12. Qe3 cxb4 13. Nd4 Re8 14. Nb5 a6 15. Qxe4 Qxe4 16. Bxe4 axb5 0-1

[Event "Zalakaros op 21st"]
[Site "Zalakaros"]
[Date "2002.05.29"]
[Round "7"]
[White "Zakharchenko, Arnold"]
[Black "Poeltl, Thomas"]
[Result "1-0"]
[WhiteElo "2395"]
[BlackElo "2168"]
[PlyCount "81"]
[EventDate "2002.05.23"]
[EventType "swiss"]
[EventRounds "9"]
[EventCountry "HUN"]
[SourceTitle "EXT 2004"]
[Source "ChessBase"]
[SourceDate "2003.11.25"]
[SourceVersion "1"]
[SourceVersionDate "2003.11.25"]
[SourceQuality "1"]

1. d4 Nf6 2. c4 e5 3. dxe5 Ng4 4. Bf4 g5 5. Bg3 Nc6 6. Nf3 Bg7 7. Nc3 Ngxe5 8. Nxe5 Nxe5 9. e3 d6 10. Be2 Be6 11. Rc1 0-0 12. b3 f5 13. f4 Nc6 14. 0-0 g4 15. Nd5 a5 16. Qd2 Rf7 17. Rfd1 b6 18. Bf1 Kh8 19. Bf2 Nb8 20. Bd3 Nd7 21. e4 Nc5 22. exf5 Bxf5 23. Bxf5 Rxf5 24. Bd4 Rf7 25. Bxg7+ Kxg7 26. Re1 Qf8 27. g3 Re8 28. Rxe8 Qxe8 29. Re1 Qd8 30. Qb2+ Kg6 31. f5+ Kxf5 32. Rf1+ Kg6 33. Qc2+ Kg7 34. Rxf7+ Kxf7 35. Qxh7+ Ke6 36. Nxc7+ Ke5 37. Qh5+ Ke4 38. Qxg4+ Kd3 39. Qd1+ Kc3 40. Nb5+ Kb2 41. Qd2+ 1-0

[Event "AUT-chT2S 0102"]
[Site "Austria"]
[Date "2002.03.16"]
[Round "10.2"]
[White "Rogulj, Branko"]
[Black "Poeltl, Thomas"]
[Result "1-0"]
[WhiteElo "2452"]
[BlackElo "2168"]
[PlyCount "93"]
[EventDate "2001.11.10"]
[EventType "team-tourn"]
[EventRounds "11"]
[EventCountry "AUT"]
[SourceTitle "EXT 2003"]
[Source "ChessBase"]
[SourceDate "2002.11.25"]
[SourceVersion "1"]
[SourceVersionDate "2002.11.25"]
[SourceQuality "1"]

1. e4 c5 2. Nc3 e6 3. g3 b6 4. Bg2 Bb7 5. Nge2 Nf6 6. 0-0 Qc7 7. d4 d6 8. Re1 Nbd7 9. h3 a6 10. g4 h6 11. d5 e5 12. a4 g6 13. Be3 Bg7 14. Qd2 Ng8 15. Ng3 Bf6 16. Nd1 Qd8 17. b3 Bg5 18. Nb2 Bxe3 19. Rxe3 Ne7 20. Nc4 Qc7 21. Ree1 g5 22. Bf1 f6 23. Bd3 Kf7 24. Kg2 Nf8 25. Nf5 Nxf5 26. gxf5 h5 27. Rg1 h4 28. Kh2 Nd7 29. Rg2 b5 30. Qa5 Qxa5 31. Nxa5 Rhb8 32. axb5 axb5 33. Bxb5 Bc8 34. Bc6 Ra7 35. Rgg1 Nb6 36. Nc4 Rxa1 37. Nxd6+ Ke7 38. Nxc8+ Rxc8 39. Rxa1 Rc7 40. Kg2 Nc8 41. Ra8 Na7 42. Re8+ Kf7 43. d6 Rxc6 44. d7 Rd6 45. d8Q Rxd8 46. Rxd8 Ke7 47. Rd5 1-0

[Event "HUN-ch op"]
[Site "Zalakaros"]
[Date "2001.??.??"]
[Round "2"]
[White "Balogh, Csaba"]
[Black "Poeltl, Thomas"]
[Result "1-0"]
[WhiteElo "2340"]
[BlackElo "2168"]
[PlyCount "65"]
[EventDate "2001.??.??"]
[EventType "swiss"]
[EventRounds "9"]
[EventCountry "HUN"]
[SourceTitle "EXT 2002"]
[Source "ChessBase"]
[SourceDate "2001.11.25"]
[SourceVersion "1"]
[SourceVersionDate "2001.11.25"]
[SourceQuality "1"]

1. e4 c5 2. Nf3 e6 3. d4 cxd4 4. Nxd4 a6 5. Nc3 Qc7 6. Bd3 b5 7. 0-0 Bb7 8. Qe2 Nf6 9. Re1 Nc6 10. Nxc6 Qxc6 11. a3 Be7 12. Be3 h5 13. f3 h4 14. e5 Nh5 15. Be4 Qc7 16. Bxb7 Qxb7 17. Qd3 Rc8 18. Rad1 Rc4 19. Ne4 Qc7 20. b3 Rxc2 21. Rc1 Rc6 22. Nd6+ Bxd6 23. exd6 Qb7 24. Rxc6 dxc6 25. Qd4 h3 26. Qh4 hxg2 27. Bc5 Qd7 28. Qg5 Rh6 29. Rd1 f6 30. Qg4 e5 31. Be3 Qxg4 32. fxg4 Rh8 33. d7+ 1-0

[Event "HUN-ch op"]
[Site "Zalakaros"]
[Date "2001.??.??"]
[Round "7"]
[White "Poeltl, Thomas"]
[Black "Piber, Vinko"]
[Result "1-0"]
[WhiteElo "2168"]
[BlackElo "2020"]
[PlyCount "119"]
[EventDate "2001.??.??"]
[EventType "swiss"]
[EventRounds "9"]
[EventCountry "HUN"]
[SourceTitle "EXT 2002"]
[Source "ChessBase"]
[SourceDate "2001.11.25"]
[SourceVersion "1"]
[SourceVersionDate "2001.11.25"]
[SourceQuality "1"]

1. d4 Nf6 2. g3 g6 3. Bg2 Bg7 4. Nf3 0-0 5. 0-0 d6 6. c4 Nc6 7. d5 Na5 8. Qa4 c5 9. dxc6 Nxc6 10. Nc3 Bd7 11. Qc2 Qc8 12. Re1 Bh3 13. Bg5 Bxg2 14. Kxg2 h6 15. Bf4 Qe6 16. Nd5 Rac8 17. Rac1 g5 18. Be3 Ng4 19. Bd4 Nce5 20. Nxe5 Nxe5 21. b3 b6 22. Qb2 f6 23. h3 h5 24. f3 Nc6 25. Bc3 Rf7 26. g4 f5 27. gxf5 Qxf5 28. Bxg7 Rxg7 29. Rg1 Ne5 30. Qb1 Qd7 31. Qe4 Rf8 32. Rcd1 e6 33. Nc3 Ng6 34. Kh2 Nh4 35. Qd3 Nf5 36. Ne4 g4 37. hxg4 hxg4 38. Rxg4 Rxg4 39. fxg4 Qh7+ 40. Kg1 Qg7 41. g5 Rd8 42. Qc3 e5 43. Qh3 Rf8 44. Rf1 Qg6 45. Rf3 Nd4 46. Rxf8+ Kxf8 47. Qh6+ Qxh6 48. gxh6 Nxe2+ 49. Kf2 Nd4 50. Nxd6 Kg8 51. Ke3 Kh7 52. Ke4 Nc6 53. Nf7 a6 54. Nxe5 Ne7 55. Ng4 Kg6 56. b4 Kg5 57. h7 Ng6 58. c5 bxc5 59. bxc5 Kxg4 60. c6 1-0

[Event "AUT-chT 9899"]
[Site "Austria"]
[Date "1998.??.??"]
[Round "?"]
[White "Poeltl, Thomas"]
[Black "Kranewitter, Norbert"]
[Result "1-0"]
[WhiteElo "2210"]
[BlackElo "2205"]
[PlyCount "63"]
[EventDate "1998.??.??"]
[EventType "team-tourn"]
[EventRounds "11"]
[EventCountry "AUT"]
[SourceTitle "EXT 2000"]
[Source "ChessBase"]
[SourceDate "1999.11.16"]
[SourceVersion "1"]
[SourceVersionDate "1999.11.16"]
[SourceQuality "1"]

1. d4 d5 2. c4 c6 3. Nc3 Nf6 4. Nf3 e6 5. Bg5 Nbd7 6. e3 Qa5 7. Nd2 Bb4 8. Qc2 0-0 9. Bxf6 Nxf6 10. Bd3 b6 11. 0-0 Bxc3 12. bxc3 Ba6 13. f4 dxc4 14. Nxc4 Bxc4 15. Bxc4 Nd5 16. Bxd5 cxd5 17. f5 Rac8 18. Rac1 Rc6 19. f6 Rfc8 20. Qf2 g6 21. Qf4 Qa3 22. e4 Qd6 23. e5 Qa3 24. Qh6 Qf8 25. Qd2 Rc4 26. Rf3 Ra4 27. Rh3 Ra3 28. Rf1 Kh8 29. Rf4 Qg8 30. Rfh4 g5 31. Qxg5 Qxg5 32. Rxh7+ 1-0